000 00257nam a22001217a 4500
008 171129b xxu||||| |||| 00| 0 eng d
041 _aeng
080 _a61
100 _a4
101 _aMP
245 _aFAMILY MEDICAL GUIDE
_cCOOLEY,D.G
942 _2udc
_cBK
999 _c38610
_d38610